<?xml version="1.0" encoding="UTF-8"?>
<collection xmlns="http://www.loc.gov/MARC21/slim">
  <record>
    <leader>00000nam  2200000   4500</leader>
    <controlfield tag="001">INLIS000000000018668</controlfield>
    <controlfield tag="005">20241204102612</controlfield>
    <datafield tag="035" ind1="#" ind2="#">
      <subfield code="a">0010-1224000039</subfield>
    </datafield>
    <controlfield tag="007">ta</controlfield>
    <controlfield tag="008">241204###########################0######</controlfield>
    <datafield tag="245" ind1="#" ind2="#">
      <subfield code="a">TEKNIK :</subfield>
      <subfield code="b">Tersedianya Jobsheet Praktikum Cyber Security Sesuai SKKNI Dengan Integrasi Kasus Nyata /</subfield>
      <subfield code="c">Hartinah, S.ST., M.Kom</subfield>
    </datafield>
    <datafield tag="260" ind1="#" ind2="#">
      <subfield code="a">Makassar :</subfield>
      <subfield code="b">Puslatbang KMP RI LAN Makassar,</subfield>
      <subfield code="c">2024</subfield>
    </datafield>
    <datafield tag="300" ind1="#" ind2="#">
      <subfield code="a">44 ;</subfield>
      <subfield code="c">30</subfield>
    </datafield>
    <datafield tag="650" ind1="#" ind2="4">
      <subfield code="a">Proses pengembangan dilakukan secara kolaboratif, menghasilkan materi yang relevan dan memenuhi standar kompetensi.</subfield>
    </datafield>
    <datafield tag="700" ind1=" " ind2="#">
      <subfield code="a">Meylanie Olivya, S.T., M.T (Mentor)</subfield>
    </datafield>
    <datafield tag="700" ind1=" " ind2="#">
      <subfield code="a">Maylitha Achmad, S.Psi., MBA (Coach)</subfield>
    </datafield>
    <datafield tag="520" ind1="#" ind2="#">
      <subfield code="a">mengoptimalisasi penyediaan informasi keselamatan dan kesehatan kerja di laboratorium.</subfield>
    </datafield>
    <datafield tag="856" ind1="#" ind2="#">
      <subfield code="a">PUSLATBANG KMP LAN RI Makassar</subfield>
    </datafield>
  </record>
</collection>
